书目信息 |
| 题名: |
自动控制原理学习指导与习题精解
|
|
| 作者: | 于建均 | |
| 分册: | ||
| 出版信息: | 北京 北京工业大学出版社 2016.04 |
|
| 页数: | 314页 | |
| 开本: | 26cm | |
| 丛书名: | ||
| 单 册: | ||
| 中图分类: | TP13 | |
| 科图分类: | ||
| 主题词: | 自动控制理论 | |
| 电子资源: | ||
| ISBN: | 978-7-5639-4601-3 | |
| 000 | 00650nam0 2200205 450 | |
| 001 | 991 | |
| 005 | 20161008081420.96 | |
| 010 | @a978-7-5639-4601-3@b平装@dCNY38.00 | |
| 100 | @a20160830d2016 km y0chiy0120 ea | |
| 101 | 0 | @achi |
| 102 | @aCN@b110000 | |
| 200 | 1 | @a自动控制原理学习指导与习题精解@Azi dong kong zhi yuan li xue xi zhi dao yu xi ti jing jie@f于建均@Fyu jian jun |
| 210 | @a北京@c北京工业大学出版社@d2016.04 | |
| 215 | @a314页@d26cm | |
| 330 | @a自动控制理论·高等学校·教学参考资料 | |
| 606 | 0 | @a自动控制理论 |
| 690 | @aTP13@v4 | |
| 701 | 0 | @a于建均@Ayu jian jun |
| 801 | 0 | @aCN@b唐山师范学院图书馆@c20160830 |
| 905 | @aZUCC@dTP13@e103 | |
| 自动控制原理学习指导与习题精解/于建均.-北京:北京工业大学出版社,2016.04 |
| 314页;26cm |
| ISBN 978-7-5639-4601-3(平装):CNY38.00 |
| 自动控制理论·高等学校·教学参考资料 |
| ● |
| 相关链接 |
|
|
|
|
正题名:自动控制原理学习指导与习题精解
索取号:TP13/103
 
预约/预借
| 序号 | 登录号 | 条形码 | 馆藏地/架位号 | 状态 | 备注 |
| 1 | 906451 | 209064518 | 第二样本阅览室/ [索取号:TP13/103] | 在馆 | |
| 2 | 906452 | 209064527 | 第三借阅区/ [索取号:TP13/103] | 在馆 | |
| 3 | 906453 | 209064536 | 第三借阅区/ [索取号:TP13/103] | 在馆 | |
| 4 | 906454 | 209064545 | 第三借阅区/ [索取号:TP13/103] | 在馆 | |
| 5 | 906455 | 209064554 | 第三借阅区/ [索取号:TP13/103] | 在馆 |